ARRUPE JESUIT UNIVERSITY

CORONAVIRUS -STOP THE SPREAD - CLEAN,DISINFECT,COVER
Normal view MARC view

Entry Personal Name

Number of records used in: 2

001 - CONTROL NUMBER

  • control field: 22041

003 - CONTROL NUMBER IDENTIFIER

  • control field: ARRUPE

005 - DATE AND TIME OF LATEST TRANSACTION

  • control field: 20160208150815.0

008 - FIXED-LENGTH DATA ELEMENTS

  • fixed length control field: 160208|| aca||aabn | a|a d

040 ## - CATALOGING SOURCE

  • Original cataloging agency: ARRUPE
  • Transcribing agency: ARRUPE

100 ## - HEADING--PERSONAL NAME

  • Personal name: Chilvers, Hedley Arthur,
  • Dates associated with a name: 1879-

670 ## - SOURCE DATA FOUND

  • Source citation: Work cat.: (ARRUPE)0: Chilvers, Hedley Arthur, 1879-, The yellow man looks on;, [1933]

 

Arrupe Library. PO Box MP320 Mt Pleasant, Harare, Zimbabwe
263 242 745411|librarian@aju.ac.zw